000 00230nam a22000857a 4500
008 161022b xxu||||| |||| 00| 0 eng d
100 _9930
_aBhattacharya.B.
245 _aGandhi The Writer
260 _aNew Delhi
_bN.B.T. publications
_c2009
999 _c3585
_d3585